| 000 | 00550nam a2200193Ia 4500 | ||
|---|---|---|---|
| 005 | 20250508150618.0 | ||
| 008 | 008 250505s9999 xx 000 0 eng d | ||
| 037 | _aTextBook | ||
| 040 |
_aFEDL _beng _cFEDL |
||
| 041 |
_aeng _2eng |
||
| 084 |
_a370.9, DUG _qFEDL |
||
| 100 |
_aDuggan Stephen _9135267 |
||
| 245 | 0 | _aStudent's textbook in the : History of education | |
| 260 |
_aNew York, USA _bAppleton-Century-Crofts _c1948 |
||
| 300 | _axxi,512p. | ||
| 650 | _aEducation | ||
| 942 |
_cTB _h370.9, DUG |
||
| 999 |
_c1324575 _d1324575 |
||